Music Quiz

Random Music or Broadway Quiz

Hamilton Lines in the Same Tune Quiz Stats

Quiz not verified by Sporcle

Also try: Elvis #1's
Challenge
Share
Tweet
Embed
Score 0/20 Timer 10:00
0 Plays Today
% Correct
Un, deux, trois, quatre, cinq, sex, sept, huit, neuf
90.9%
Thirty-two thousand troops in New York harbor
88.5%
I know him
86.9%
So many to deflower
85.4%
How does a bastard orphan son of a ****
84.6%
I hope you saved some money for your daughter and son
84.1%
If your wife shares a fraction of your time
82.9%
History obliterates
81.9%
Cuz she wants to form a harem
81.7%
Well, I'll be damned
77.8%
% Correct
When you broke her heart
77.2%
I am just a guy
76.8%
Daddy says to be home by sundown
76.7%
I'm a girl in a world in which my only job is to marry rich
76.2%
Let me tell you what I wish I'd known
76%
I wanna be in
75.3%
I couldn't seem to die
71.3%
My father wasn't around
67.2%
And you would smile
61.7%
Even now I lie awake
57.3%

You're not logged in!

Compare scores with friends on all Sporcle quizzes.
Join for Free
OR
Log In

You Might Also Like...

Show Comments

Extras

Top Quizzes Today


Score Distribution

Your Account Isn't Verified!

In order to create a playlist on Sporcle, you need to verify the email address you used during registration. Go to your Sporcle Settings to finish the process.

Report this User

Report this user for behavior that violates our Community Guidelines.

Details: